[Event "BL2-Sued 1718"]
[Site "Germany"]
[Date "2017.12.09"]
[Round "5.7"]
[White "Koehler, Ronald"]
[Black "Mandel, Andreas"]
[Result "1-0"]
[WhiteElo "2265"]
[BlackElo "2395"]
[PlyCount "79"]
[EventDate "2017.10.21"]
[EventType "team-tourn"]
[EventRounds "10"]
[EventCountry "GER"]
[SourceTitle "CBM 183 Extra"]
[Source "ChessBase"]
[SourceDate "2018.04.19"]
[SourceVersion "1"]
[SourceVersionDate "2018.04.19"]
[SourceQuality "1"]
[WhiteTeam "Griesheim"]
[BlackTeam "Viernheim"]
[WhiteTeamCountry "GER"]
[BlackTeamCountry "GER"]

1. d4 Nf6 2. c4 g6 3. Nc3 Bg7 4. e4 d6 5. f4 0-0 6. Nf3 Nbd7 7. e5 Ne8 8. c5 c6 9. Be3 Nc7 10. Bc4 b6 11. b4 bxc5 12. bxc5 dxc5 13. dxc5 Ba6 14. Qa4 Bxc4 15. Qxc4 Qc8 16. Nd4 Nd5 17. Bd2 Nxc3 18. Bxc3 e6 19. Nb3 Rb8 20. 0-0 Rb7 21. Nd2 Re8 22. Ne4 Bf8 23. Rad1 Be7 24. Rd6 Bxd6 25. exd6 Rf8 26. Nf6+ Nxf6 27. Bxf6 Qb8 28. Qd3 Qc8 29. Rd1 Qd7 30. Qg3 h5 31. Qg5 Kh7 32. h3 Rfb8 33. Rd2 e5 34. fxe5 Qe6 35. Kh2 a5 36. a3 Qd7 37. Rd4 Rh8 38. Bxh8 Kxh8 39. Qf6+ Kh7 40. Re4 1-0

[Event "Bundesliga 1314"]
[Site "Germany"]
[Date "2013.10.13"]
[Round "2.7"]
[White "Muse, Drazen"]
[Black "Mandel, Andreas"]
[Result "1/2-1/2"]
[WhiteElo "2408"]
[BlackElo "2408"]
[PlyCount "48"]
[EventDate "2013.10.12"]
[EventType "team-tourn"]
[EventRounds "15"]
[EventCountry "GER"]
[SourceTitle "CBM 157"]
[Source "ChessBase"]
[SourceDate "2013.11.12"]
[SourceVersion "1"]
[SourceVersionDate "2013.11.12"]
[SourceQuality "1"]
[WhiteTeam "Koenig Tegel"]
[BlackTeam "Viernheim"]
[WhiteTeamCountry "GER"]
[BlackTeamCountry "GER"]

1. d4 Nf6 2. Bg5 c5 3. d5 Ne4 4. Bc1 e6 5. g3 exd5 6. Qxd5 Nf6 7. Qd3 Be7 8. Bg2 0-0 9. e4 Nc6 10. Ne2 d5 11. exd5 Nb4 12. Qd1 Nbxd5 13. 0-0 Be6 14. Na3 Qb6 15. c3 Qa6 16. Re1 Rfd8 17. Qc2 Rac8 18. Nf4 Nxf4 19. Bxf4 Nd5 20. Bf1 Qc6 21. Bd2 Bf6 22. Nc4 Qc7 23. a4 g6 24. Rxe6 fxe6 1/2-1/2

[Event "BL2-Sued 1213"]
[Site "Germany"]
[Date "2013.02.03"]
[Round "6.5"]
[White "Nebolsina, Vera"]
[Black "Mandel, Andreas"]
[Result "0-1"]
[WhiteElo "2270"]
[BlackElo "2398"]
[PlyCount "84"]
[EventDate "2012.10.14"]
[EventType "team-tourn"]
[EventRounds "9"]
[EventCountry "GER"]
[SourceTitle "CBM 154 Extra"]
[Source "ChessBase"]
[SourceDate "2013.06.25"]
[SourceVersion "2"]
[SourceVersionDate "2013.06.25"]
[SourceQuality "1"]
[WhiteTeam "Stuttgart"]
[BlackTeam "Viernheim"]
[WhiteTeamCountry "GER"]
[BlackTeamCountry "GER"]

1. d4 Nf6 2. Nf3 g6 3. g3 Bg7 4. Bg2 0-0 5. c4 d6 6. 0-0 Nbd7 7. Qc2 e5 8. Rd1 Re8 9. e4 c6 10. Nc3 Qe7 11. d5 c5 12. Ne1 Rf8 13. Nd3 Ne8 14. Re1 Qd8 15. a3 Nb6 16. b4 cxb4 17. axb4 Nxc4 18. Nb5 Nb6 19. Nxa7 f5 20. Be3 fxe4 21. Bxe4 Nf6 22. Nc6 Qe8 23. Na5 Nbxd5 24. Bg2 Nxe3 25. Rxe3 e4 26. Nf4 b6 27. Bxe4 Nxe4 28. Rxe4 Qf7 29. Rae1 Bf5 30. Nc6 Be5 31. Qd2 Bxe4 32. Rxe4 Bxf4 33. Rxf4 Qe6 34. Rh4 Rf7 35. Qc3 Re8 36. f3 Qe2 37. Nd4 Qe1+ 38. Qxe1 Rxe1+ 39. Kf2 Rb1 40. b5 Re7 41. Rf4 Rb2+ 42. Kf1 Ra7 0-1

[Event "BL2-Sued 1213"]
[Site "Germany"]
[Date "2013.01.13"]
[Round "5.5"]
[White "Mandel, Andreas"]
[Black "Heinatz, Thomas"]
[Result "1-0"]
[WhiteElo "2398"]
[BlackElo "2331"]
[PlyCount "77"]
[EventDate "2012.10.14"]
[EventType "team-tourn"]
[EventRounds "9"]
[EventCountry "GER"]
[SourceTitle "CBM 154 Extra"]
[Source "ChessBase"]
[SourceDate "2013.06.25"]
[SourceVersion "2"]
[SourceVersionDate "2013.06.25"]
[SourceQuality "1"]
[WhiteTeam "Viernheim"]
[BlackTeam "Schoeneck"]
[WhiteTeamCountry "GER"]
[BlackTeamCountry "GER"]

1. d4 Nf6 2. Nf3 g6 3. c4 Bg7 4. Nc3 d5 5. Bf4 0-0 6. e3 c5 7. dxc5 Qa5 8. Rc1 Na6 9. cxd5 Nxc5 10. Bc4 Bg4 11. 0-0 Nfe4 12. Nxe4 Nxe4 13. Qe2 Rac8 14. Rfd1 g5 15. Bg3 h6 16. Bb3 Qb4 17. Rc4 Rxc4 18. Qxc4 Qxc4 19. Bxc4 Rc8 20. b3 Nc3 21. Re1 b5 22. Bd3 Nxd5 23. Bxb5 Nc3 24. Ba6 Rc6 25. Bc4 Bxf3 26. gxf3 Nxa2 27. Rd1 Bf6 28. Rd8+ Kg7 29. Ra8 Rb6 30. Rxa7 Nc1 31. e4 e6 32. e5 Bd8 33. Rd7 Nxb3 34. Rxd8 Na5 35. Bd3 Rb4 36. Be4 Nb3 37. h4 Nc5 38. hxg5 hxg5 39. Bc6 1-0

[Event "BL2-Sued 1213"]
[Site "Germany"]
[Date "2012.12.09"]
[Round "4.4"]
[White "Mandel, Andreas"]
[Black "Maier, Christian"]
[Result "1/2-1/2"]
[WhiteElo "2398"]
[BlackElo "2345"]
[PlyCount "55"]
[EventDate "2012.10.14"]
[EventType "team-tourn"]
[EventRounds "9"]
[EventCountry "GER"]
[SourceTitle "CBM 154 Extra"]
[Source "ChessBase"]
[SourceDate "2013.06.25"]
[SourceVersion "2"]
[SourceVersionDate "2013.06.25"]
[SourceQuality "1"]
[WhiteTeam "Viernheim"]
[BlackTeam "Untergrombach"]
[WhiteTeamCountry "GER"]
[BlackTeamCountry "GER"]

1. d4 Nf6 2. Nf3 d6 3. g3 Nbd7 4. c4 e5 5. Nc3 Be7 6. Bg2 0-0 7. 0-0 Re8 8. e4 exd4 9. Nxd4 Bf8 10. h3 a6 11. Be3 Rb8 12. Qc2 Ne5 13. b3 c5 14. Nde2 b5 15. cxb5 axb5 16. Nf4 Qa5 17. Rfd1 c4 18. Ncd5 Nxd5 19. Nxd5 Be6 20. Bd2 Qa7 21. Nf4 Bd7 22. Be3 Qa5 23. Bd2 Qa3 24. Bc1 Qa5 25. Bd2 Qa3 26. Bc1 Qa7 27. Be3 Qa5 28. Bd2 1/2-1/2

[Event "BL2-Sued 1112"]
[Site "Germany"]
[Date "2012.04.15"]
[Round "9.5"]
[White "Mandel, Andreas"]
[Black "Paci, Cedric"]
[Result "1/2-1/2"]
[WhiteElo "2403"]
[BlackElo "2376"]
[PlyCount "87"]
[EventDate "2011.10.02"]
[EventType "team-tourn"]
[EventRounds "9"]
[EventCountry "GER"]
[SourceTitle "EXT 2015"]
[Source "ChessBase"]
[SourceDate "2014.11.20"]
[SourceVersion "1"]
[SourceVersionDate "2014.11.20"]
[SourceQuality "1"]
[WhiteTeam "Viernheim"]
[BlackTeam "Saarbruecken"]
[WhiteTeamCountry "GER"]
[BlackTeamCountry "GER"]

1. Nf3 e6 2. c4 b6 3. g3 Nf6 4. Bg2 Bb7 5. d4 Be7 6. 0-0 0-0 7. Nc3 Ne4 8. Qc2 Nxc3 9. Qxc3 c5 10. Rd1 d6 11. b3 Bf6 12. Bb2 Qe7 13. Qc2 Nc6 14. e4 e5 15. d5 Nd4 16. Bxd4 cxd4 17. Bh3 g6 18. Ne1 Bg7 19. a4 Qg5 20. a5 Qh5 21. Bg2 f5 22. Bf3 Qg5 23. Qd2 Qf6 24. axb6 axb6 25. Rxa8 Rxa8 26. Nd3 Bc8 27. Qe2 h5 28. Rd2 fxe4 29. Bxe4 Bf5 30. Rd1 Bg4 31. f3 Bd7 32. Rf1 Bh3 33. Re1 Bh6 34. f4 exf4 35. gxf4 Re8 36. Qf3 Bg4 37. Qg3 Rf8 38. h3 Bf5 39. Bxf5 Qxf5 40. Re6 Rf6 41. Rxf6 Qxf6 42. Kg2 Qf5 43. Qf3 Kh7 44. Kf2 1/2-1/2

[Event "BL2-Sued 1112"]
[Site "Germany"]
[Date "2011.12.11"]
[Round "4.4"]
[White "Bewersdorff, Oliver"]
[Black "Mandel, Andreas"]
[Result "1-0"]
[WhiteElo "2326"]
[BlackElo "2403"]
[PlyCount "87"]
[EventDate "2011.10.02"]
[EventType "team-tourn"]
[EventRounds "9"]
[EventCountry "GER"]
[SourceTitle "EXT 2015"]
[Source "ChessBase"]
[SourceDate "2014.11.20"]
[SourceVersion "1"]
[SourceVersionDate "2014.11.20"]
[SourceQuality "1"]
[WhiteTeam "Schott Mainz"]
[BlackTeam "Viernheim"]
[WhiteTeamCountry "GER"]
[BlackTeamCountry "GER"]

1. Nf3 Nf6 2. c4 g6 3. g3 Bg7 4. Bg2 0-0 5. d4 d6 6. Nc3 Nbd7 7. 0-0 e5 8. e4 exd4 9. Nxd4 Re8 10. h3 Nc5 11. Re1 Bd7 12. Bf4 h6 13. Rb1 a6 14. a4 a5 15. Kh2 Nh7 16. Ndb5 Ng5 17. Qc2 Qc8 18. h4 Nge6 19. Be3 Na6 20. Rbd1 Nec5 21. Nd5 Nb4 22. Nxb4 axb4 23. b3 Ne6 24. Re2 Bc6 25. Nd4 Nxd4 26. Bxd4 Bxd4 27. Rxd4 Qe6 28. Qd2 Kh7 29. Qxb4 f5 30. f4 fxe4 31. Bxe4 Bd7 32. Qc3 Qg4 33. Re3 Qh3+ 34. Kg1 Bf5 35. Bxb7 Rab8 36. Bg2 Qg4 37. Rd2 Bd7 38. Kf2 Rxe3 39. Qxe3 Re8 40. Qd3 Re7 41. Re2 Rxe2+ 42. Qxe2 Qf5 43. Qe7+ Kh8 44. Qd8+ 1-0

[Event "BL2-Sued 1112"]
[Site "Germany"]
[Date "2011.11.21"]
[Round "3.4"]
[White "Mandel, Andreas"]
[Black "Gellendin, Ingo"]
[Result "1-0"]
[WhiteElo "2403"]
[BlackElo "2193"]
[PlyCount "139"]
[EventDate "2011.10.02"]
[EventType "team-tourn"]
[EventRounds "9"]
[EventCountry "GER"]
[SourceTitle "EXT 2015"]
[Source "ChessBase"]
[SourceDate "2014.11.20"]
[SourceVersion "1"]
[SourceVersionDate "2014.11.20"]
[SourceQuality "1"]
[WhiteTeam "Viernheim"]
[BlackTeam "Schwegenheim"]
[WhiteTeamCountry "GER"]
[BlackTeamCountry "GER"]

1. d4 d5 2. c4 Nc6 3. cxd5 Qxd5 4. e3 e5 5. Nc3 Bb4 6. Bd2 Bxc3 7. Bxc3 exd4 8. Ne2 Nf6 9. Nxd4 0-0 10. Be2 Ne5 11. Nf3 Nxf3+ 12. Bxf3 Qf5 13. 0-0 c6 14. Qd4 Be6 15. Rfd1 Qg6 16. Qb4 b6 17. Bxc6 Rac8 18. Bf3 Rc4 19. Qe7 h5 20. Rd8 Rxd8 21. Qxd8+ Kh7 22. Bxf6 gxf6 23. b3 Rc5 24. Qd4 Re5 25. h4 Bf5 26. Qf4 Be4 27. Rc1 Bxf3 28. Qxf3 Ra5 29. a4 Re5 30. Rc7 Ra5 31. Kh2 Kh6 32. Rc8 Kh7 33. Qa8 Qg7 34. Qe4+ f5 35. Qf3 Qg4 36. Qg3 Kg7 37. Rc6 Rd5 38. Rc7 Qxg3+ 39. Kxg3 Rd3 40. b4 a6 41. Rc6 Ra3 42. Rxb6 Rxa4 43. Kf4 a5 44. Kxf5 axb4 45. f3 Ra5+ 46. Kf4 Ra4 47. e4 f6 48. Kf5 Ra5+ 49. Kf4 Ra4 50. Rb5 Kg6 51. g3 Kh6 52. Kf5 Ra3 53. f4 Rxg3 54. Kxf6 Rg4 55. Kf5 Rxh4 56. Rxb4 Rh1 57. Rb6+ Kg7 58. e5 h4 59. Rb7+ Kh6 60. Kf6 h3 61. f5 h2 62. Rb8 Kh7 63. Rb2 Kg8 64. e6 Ra1 65. Rxh2 Ra6 66. Rg2+ Kf8 67. Rb2 Ra8 68. Rb7 Rc8 69. Kg6 Rc6 70. f6 1-0

[Event "Oberliga Baden 0809"]
[Site "Germany"]
[Date "2008.12.14"]
[Round "4.3"]
[White "Vidonyak, Roman"]
[Black "Mandel, Andreas"]
[Result "1/2-1/2"]
[WhiteElo "2414"]
[BlackElo "2397"]
[PlyCount "52"]
[EventDate "2008.10.05"]
[EventType "team-tourn"]
[EventRounds "9"]
[EventCountry "GER"]
[SourceTitle "EXT 2010"]
[Source "ChessBase"]
[SourceDate "2010.11.25"]
[SourceVersion "1"]
[SourceVersionDate "2010.11.25"]
[SourceQuality "1"]
[WhiteTeam "Hockenheim"]
[BlackTeam "Viernheim"]
[WhiteTeamCountry "GER"]
[BlackTeamCountry "GER"]

1. d4 Nf6 2. Nf3 g6 3. c4 Bg7 4. Nc3 0-0 5. e4 d6 6. Be2 e5 7. dxe5 dxe5 8. Qxd8 Rxd8 9. Bg5 Re8 10. Nd5 Nxd5 11. cxd5 c6 12. Bc4 b5 13. Bb3 Bb7 14. Rc1 Rc8 15. d6 c5 16. Be7 Nd7 17. Rd1 c4 18. Bc2 a5 19. h4 a4 20. h5 Bf8 21. hxg6 hxg6 22. Bxf8 Rxf8 23. Rh3 a3 24. b4 Ra6 25. Ng5 Kg7 26. Ke2 Bc8 1/2-1/2

[Event "Oberliga Baden 0708"]
[Site "Germany"]
[Date "2007.12.09"]
[Round "4.2"]
[White "Voloshin, Leonid"]
[Black "Mandel, Andreas"]
[Result "1/2-1/2"]
[WhiteElo "2462"]
[BlackElo "2391"]
[PlyCount "47"]
[EventDate "2007.10.21"]
[EventType "team-tourn"]
[EventRounds "9"]
[EventCountry "GER"]
[SourceTitle "EXT 2009"]
[Source "ChessBase"]
[SourceDate "2008.11.26"]
[SourceVersion "1"]
[SourceVersionDate "2008.11.26"]
[SourceQuality "1"]
[WhiteTeam "Buchen"]
[BlackTeam "Viernheim"]
[WhiteTeamCountry "GER"]
[BlackTeamCountry "GER"]

1. e4 c5 2. Nf3 d6 3. Bb5+ Bd7 4. Bxd7+ Qxd7 5. 0-0 Nc6 6. c3 Nf6 7. Qe2 e6 8. Rd1 Be7 9. d4 cxd4 10. cxd4 d5 11. e5 Ne4 12. Be3 0-0 13. Ne1 f6 14. f3 Ng5 15. exf6 Bxf6 16. Nc3 Nf7 17. f4 Nd6 18. Nf3 Rac8 19. Bf2 Qf7 20. Rac1 Rfe8 21. g3 Qg6 22. Na4 Qe4 23. Kf1 Qxe2+ 24. Kxe2 1/2-1/2

[Event "Oberliga Baden 0708"]
[Site "Germany"]
[Date "2007.10.21"]
[Round "1.1"]
[White "Bogner, Sebastian"]
[Black "Mandel, Andreas"]
[Result "0-1"]
[WhiteElo "2371"]
[BlackElo "2391"]
[PlyCount "120"]
[EventDate "2007.10.21"]
[EventType "team-tourn"]
[EventRounds "9"]
[EventCountry "GER"]
[SourceTitle "EXT 2009"]
[Source "ChessBase"]
[SourceDate "2008.11.26"]
[SourceVersion "1"]
[SourceVersionDate "2008.11.26"]
[SourceQuality "1"]
[WhiteTeam "Neuhausen"]
[BlackTeam "Viernheim"]
[WhiteTeamCountry "GER"]
[BlackTeamCountry "GER"]

1. Nf3 Nf6 2. c4 g6 3. Nc3 Bg7 4. e4 d6 5. d4 0-0 6. Be2 e5 7. Be3 Na6 8. 0-0 Ng4 9. Bg5 Qe8 10. c5 exd4 11. Nd5 Qxe4 12. Ne7+ Kh8 13. cxd6 cxd6 14. Nxc8 Raxc8 15. Nd2 Qe5 16. Bxg4 Qxg5 17. Bxc8 Rxc8 18. Rc1 Rf8 19. Nf3 Qf4 20. Qa4 g5 21. Rfd1 Nc5 22. Qc4 Ne6 23. Qd5 g4 24. Ne1 Be5 25. g3 Qf5 26. Kg2 Rg8 27. Rc2 Ng5 28. Rc7 Rg6 29. Nd3 Rf6 30. Qxb7 Kg7 31. Qd5 Ne6 32. Rc2 Qh5 33. Kh1 Rf5 34. Qe4 Qg6 35. Rf1 h5 36. f4 h4 37. Kg1 Bf6 38. Rg2 Ng5 39. Qe2 Nf3+ 40. Kh1 h3 41. Rgf2 Ra5 42. b3 Qf5 43. Rc1 Qd5 44. Nb4 Qb7 45. Nd3 Rxa2 46. Qxa2 Ne1+ 47. Kg1 Nxd3 48. Rc4 Nxf2 49. Qxf2 Qxb3 50. Qe2 Qb1+ 51. Kf2 Qf5 52. Ke1 d3 53. Qe3 Qd5 54. Rc1 d2+ 55. Qxd2 Qh1+ 56. Ke2 Qxh2+ 57. Kd3 Qxg3+ 58. Ke4 Qf3+ 59. Kf5 g3 60. Qxd6 Qh5+ 0-1

[Event "BL2-Sued 0506"]
[Site "Germany"]
[Date "2005.12.11"]
[Round "4.4"]
[White "Mandel, Andreas"]
[Black "Lorscheid, Gerhard"]
[Result "1-0"]
[WhiteElo "2410"]
[BlackElo "2262"]
[PlyCount "107"]
[EventDate "2005.10.23"]
[EventType "team-tourn"]
[EventRounds "9"]
[EventCountry "GER"]
[SourceTitle "EXT 2007"]
[Source "ChessBase"]
[SourceDate "2006.11.23"]
[SourceVersion "1"]
[SourceVersionDate "2006.11.23"]
[SourceQuality "1"]
[WhiteTeam "Viernheim"]
[BlackTeam "Stuttgart"]
[WhiteTeamCountry "GER"]
[BlackTeamCountry "GER"]

1. d4 d6 2. Nf3 Nf6 3. g3 g6 4. Bg2 Bg7 5. 0-0 0-0 6. c4 c6 7. Nc3 Qb6 8. h3 Qa6 9. Qd3 Be6 10. b3 d5 11. Ne5 dxc4 12. Nxc4 Rd8 13. e3 Nbd7 14. Ne5 Qa5 15. Nxd7 Rxd7 16. Bd2 Rdd8 17. Nd5 Qb5 18. Qxb5 cxb5 19. Nc7 Rab8 20. Nxb5 Bf5 21. Rfd1 Bc2 22. Rdc1 Bd3 23. Nc3 Rd7 24. Be1 Rc8 25. Nd5 Rcd8 26. Nxf6+ Bxf6 27. f4 e6 28. Rc3 Ba6 29. Rac1 Be7 30. Bf1 Bb4 31. R3c2 Ba3 32. Rb1 Bxf1 33. Kxf1 Be7 34. Rc4 Kf8 35. Rbc1 h5 36. Ke2 Ba3 37. Bb4+ Bxb4 38. Rxb4 Ke7 39. Rbc4 f5 40. Rc7 Kd6 41. Rxd7+ Kxd7 42. Kd3 Rb8 43. h4 Kd6 44. e4 fxe4+ 45. Kxe4 b6 46. b4 Rf8 47. b5 Kd7 48. a4 Rf5 49. Rc6 Rd5 50. Kd3 Rf5 51. Kc4 Rf8 52. d5 exd5+ 53. Kxd5 Rg8 54. Rf6 1-0

[Event "BL2-Sued 0506"]
[Site "Germany"]
[Date "2005.11.13"]
[Round "2.3"]
[White "Mandel, Andreas"]
[Black "Karpatchev, Aleksandr"]
[Result "1-0"]
[WhiteElo "2410"]
[BlackElo "2507"]
[PlyCount "111"]
[EventDate "2005.10.23"]
[EventType "team-tourn"]
[EventRounds "9"]
[EventCountry "GER"]
[SourceTitle "EXT 2007"]
[Source "ChessBase"]
[SourceDate "2006.11.23"]
[SourceVersion "1"]
[SourceVersionDate "2006.11.23"]
[SourceQuality "1"]
[WhiteTeam "Viernheim"]
[BlackTeam "Bad Mergentheim"]
[WhiteTeamCountry "GER"]
[BlackTeamCountry "GER"]

1. d4 d5 2. c4 Nc6 3. Nc3 dxc4 4. Nf3 Nf6 5. e4 Bg4 6. Be3 e6 7. Bxc4 Bb4 8. Qc2 0-0 9. Rd1 Qe7 10. Be2 e5 11. d5 Nd4 12. Nxd4 exd4 13. Rxd4 Bxe2 14. Kxe2 Ng4 15. Nd1 Bc5 16. Rc4 Bxe3 17. Nxe3 Nxe3 18. fxe3 Qg5 19. Kd1 c6 20. Qd2 Rad8 21. Rd4 c5 22. Rc4 b5 23. Rxc5 Qg4+ 24. Kc1 Rc8 25. b4 Qxe4 26. Rd1 a5 27. d6 axb4 28. Rxc8 Rxc8+ 29. Kb2 Qe5+ 30. Qd4 Qxh2 31. d7 Rd8 32. Qe4 Qb8 33. Qe7 g6 34. Rf1 Qa8 35. Qxf7+ Kh8 36. Qf6+ Kg8 37. Qe6+ Kh8 38. Rf7 Qa3+ 39. Kc2 Qc3+ 40. Kd1 Qd3+ 41. Ke1 Qc3+ 42. Kf2 Qd2+ 43. Kg3 Qe1+ 44. Kh2 Qh4+ 45. Qh3 Qxh3+ 46. Kxh3 Kg8 47. Re7 Kf8 48. Rxh7 Kg8 49. Re7 Kf8 50. Re8+ Rxe8 51. dxe8Q+ Kxe8 52. Kg4 Ke7 53. Kf4 Ke6 54. Ke4 Kd6 55. Kd4 g5 56. g4 1-0

[Event "BL2-Sued 0405"]
[Site "Germany"]
[Date "2005.04.10"]
[Round "9.4"]
[White "Mandel, Andreas"]
[Black "Zuse, Peter"]
[Result "1-0"]
[WhiteElo "2405"]
[BlackElo "2311"]
[PlyCount "79"]
[EventDate "2004.10.24"]
[EventType "team-tourn"]
[EventRounds "9"]
[EventCountry "GER"]
[SourceTitle "EXT 2007"]
[Source "ChessBase"]
[SourceDate "2006.11.23"]
[SourceVersion "1"]
[SourceVersionDate "2006.11.23"]
[SourceQuality "1"]
[WhiteTeam "Viernheim"]
[BlackTeam "Handschuhsheim"]
[WhiteTeamCountry "GER"]
[BlackTeamCountry "GER"]

1. d4 Nf6 2. Nf3 g6 3. c4 Bg7 4. g3 0-0 5. Bg2 d6 6. 0-0 Nc6 7. Nc3 a6 8. d5 Na5 9. Nd2 c5 10. Qc2 Rb8 11. b3 b5 12. Bb2 bxc4 13. bxc4 e6 14. Rab1 Re8 15. e4 Bh6 16. f4 e5 17. Nd1 Nh5 18. Bf3 Ng7 19. Nf2 Rxb2 20. Qxb2 exf4 21. g4 Qd7 22. Qc3 Nb7 23. Rb6 Nd8 24. Qf6 Re7 25. Qh4 Nh5 26. Nd3 f5 27. gxh5 g5 28. Qf2 g4 29. e5 Bg7 30. Rxd6 Qe8 31. h6 Bh8 32. Qh4 Nf7 33. Rb6 Bxe5 34. Nxe5 Rxe5 35. Qf6 Qf8 36. Kh1 Re3 37. Rb8 Nd6 38. Qg5+ Kh8 39. Qxf4 Re8 40. Bxg4 1-0

[Event "BL2-Sued 0405"]
[Site "Germany"]
[Date "2004.12.12"]
[Round "4.4"]
[White "Mandel, Andreas"]
[Black "Rodewis, Thomas"]
[Result "1-0"]
[WhiteElo "2405"]
[BlackElo "2364"]
[PlyCount "105"]
[EventDate "2004.10.24"]
[EventType "team-tourn"]
[EventRounds "9"]
[EventCountry "GER"]
[SourceTitle "EXT 2007"]
[Source "ChessBase"]
[SourceDate "2006.11.23"]
[SourceVersion "1"]
[SourceVersionDate "2006.11.23"]
[SourceQuality "1"]
[WhiteTeam "Viernheim"]
[BlackTeam "Bayern Muenchen"]
[WhiteTeamCountry "GER"]
[BlackTeamCountry "GER"]

1. d4 Nf6 2. Nf3 e6 3. c4 c6 4. Nc3 d5 5. Bg5 h6 6. Bxf6 Qxf6 7. e3 Nd7 8. Bd3 dxc4 9. Bxc4 Bd6 10. 0-0 Qe7 11. e4 e5 12. d5 0-0 13. dxc6 bxc6 14. Rc1 Rb8 15. Nh4 Bc5 16. Ng6 Qg5 17. Nxf8 Nxf8 18. Qf3 Be6 19. Bxe6 Nxe6 20. Qf5 Rxb2 21. Qxg5 hxg5 22. Na4 Rb5 23. Nxc5 Nxc5 24. f3 Ra5 25. Rc4 Ne6 26. a4 Ra6 27. Rb1 Kh7 28. Rb7 Kg6 29. Kf2 c5 30. Ke3 f6 31. g3 Kh6 32. Re7 Kg6 33. g4 Kh6 34. a5 Rd6 35. Rxa7 Nf4 36. Rxc5 Rd3+ 37. Kf2 Rd2+ 38. Ke1 Rb2 39. Rc3 Ne6 40. Ra3 Nd4 41. Ra4 Nxf3+ 42. Kd1 Nxh2 43. a6 Nxg4 44. Rd7 Nf2+ 45. Ke1 Nxe4 46. Rxe4 Ra2 47. a7 f5 48. Rxe5 f4 49. Rb5 g4 50. Rb8 Ra1+ 51. Kd2 g3 52. a8Q g2 53. Qxa1 1-0